Normal view
MARC view
- Muhammad Aqib, Muhammad Abdullah, Muhammad Jamal
Entry Personal Name
001 - CONTROL NUMBER
- control field: 55035
003 - CONTROL NUMBER IDENTIFIER
- control field: NUST
005 - DATE AND TIME OF LATEST TRANSACTION
- control field: 20210421120126.0
008 - FIXED-LENGTH DATA ELEMENTS
- fixed length control field: 210421|| aca||aabn | a|a d
040 ## - CATALOGING SOURCE
- Original cataloging agency: NUST
- Transcribing agency: NUST
100 ## - HEADING--PERSONAL NAME
- Personal name: Muhammad Aqib, Muhammad Abdullah, Muhammad Jamal
670 ## - SOURCE DATA FOUND
- Source citation: Work cat.: (NUST): Muhammad Aqib, Muhammad Abdullah, Muhammad Jamal, Incorporation of adiabatic pre-reformer at FFC ammonia-II (UG-CHE-2016, 2016
